[Event "49th National Challengers ch-IND"]
[Site "Aurangabad IND"]
[Date "2011.06.26"]
[Round "13"]
[White "G.,A"]
[Black "Tiwari,Ar"]
[Result "1-0"]
[WhiteElo "2211"]
[BlackElo "2354"]

1.e4 d6 2.d4 g6 3.Nc3 Bg7 4.f4 c6 5.Nf3 b5 6.a3 a6 7.Be3 Nd7 8.Bd3 c5 9.e5 cxd4
10.Bxd4 Nc5 11.Bxc5 dxc5 12.Be4 Ra7 13.Qxd8+ Kxd8 14.O-O-O+ Kc7 15.Rd5 f5
16.Rxc5+ Kb8 17.Nd4 Bd7 18.Bf3 g5 19.Rd1 Nh6 20.e6 Bxd4 21.Rxd4 Bxe6 22.Rc6 g4
23.Be2 Bf7 24.Rxh6 Bg6 25.h3 gxh3 26.Rxh3 Re8 27.Re3 e6 28.Rd6 Bf7 29.Bf3 Kc7
30.Red3 Kc8 31.Bc6 Ree7 32.Rd8+ Kc7 33.Bxb5 axb5 34.Nxb5+ Kb6 35.Nxa7 Rxa7
36.R8d6+ Kc5 37.Rd7 Rxd7 38.Rxd7 Bg6 39.Rb7 h5 40.a4 Be8 41.a5 Bc6 42.b4+ Kd4
43.Rc7 Bxg2 44.Rg7 Be4 45.Kd2 Kc4 46.c3 Kb5 47.Ke3 h4 48.Rh7 Kc4 49.Kd2  1-0

[Event "7th Lazy Open"]
[Site "Lazy POL"]
[Date "2011.06.27"]
[Round "3.11"]
[White "Janiszewski,M"]
[Black "Kotlowski,T"]
[Result "1-0"]
[WhiteElo "2016"]
[BlackElo "2052"]

1.e4 g6 2.d4 Bg7 3.Nc3 d6 4.f4 Nf6 5.Nf3 O-O 6.Bd3 Na6 7.O-O c5 8.e5 Ng4
9.Bxa6 cxd4 10.Qxd4 bxa6 11.h3 Nh6 12.g4 Bb7 13.Be3 Qd7 14.Qd2 f5 15.g5 Nf7
16.Nd5 e6 17.Nf6+ Bxf6 18.exf6 Rac8 19.c3 Rfd8 20.Qd4 e5 21.Qxa7 exf4 22.Bxf4 Ne5
23.Bxe5 dxe5 24.Nxe5 Qd5 25.Nf3 Ra8 26.Qd4 Qe6 27.Rfe1 Be4 28.Qf2 Rd3 29.Re3 Qd6
30.Rxd3 Qxd3 31.f7+ Kg7 32.Qd4+ Qxd4+ 33.Nxd4 Kxf7 34.Kf2 h6 35.gxh6 Rh8
36.Kg3 Rxh6 37.h4 Kf6 38.Rg1 g5 39.hxg5+ Kxg5 40.Kf2+ Kf4 41.Ne2+ Ke5 42.Rg8 Bc6
43.Rc8 Rh2+ 44.Ke3 Rh3+ 45.Kd2 Bd7 46.Rc5+ Ke4 47.Rc4+ Ke5 48.Rc5+ Ke4 49.Rc4+ Ke5
50.a4 Rh2 51.Ke3 Rh3+ 52.Kd2 Rh2 53.Ke3 Rh3+ 54.Kf2 Rh2+ 55.Kf3 Be6 56.Rc5+ Kd6
57.b4 Bd5+ 58.Ke3 Bc6 59.Ra5 Rh3+ 60.Kd2 Rh2 61.Ke3 Rh3+ 62.Kd2 Rh2 63.Rxa6 f4
64.b5 f3 65.Rxc6+ Ke7 66.Rc4 Rxe2+ 67.Kd3 Ra2 68.Rf4 f2 69.c4 Kd6 70.Kd4 Rd2+
71.Kc3 Re2 72.a5 Ke5 73.Rf8 Ke4 74.Kb4 Kd4 75.Rf4+ Ke5 76.Rf8 Kd4 77.a6 Rb2+
78.Ka3 Rb1 79.Rxf2 Kxc4 80.Rb2 Ra1+ 81.Ra2 Rh1 82.a7 Rh8 83.b6 Ra8 84.Kb2  1-0

[Event "V4 IM/WGM tournament Liptov 2011"]
[Site "Liptovsky Mikulas SVK"]
[Date "2011.06.27"]
[Round "7"]
[White "Olsarova,K"]
[Black "Kantorik,M"]
[Result "0-1"]
[WhiteElo "2242"]
[BlackElo "2312"]

1.e4 g6 2.d4 Bg7 3.Nc3 d6 4.f4 a6 5.Nf3 b5 6.Bd3 Bb7 7.O-O Nd7 8.e5 e6 9.a4 bxa4
10.Nxa4 Ne7 11.Qe2 O-O 12.Bd2 Nf5 13.c3 Re8 14.Be1 Qc8 15.Bf2 Ne7 16.c4 Nc6
17.Nc3 Nb4 18.Bb1 f5 19.Na2 a5 20.Nxb4 axb4 21.Bd3 dxe5 22.dxe5 Bf8 23.Bc2 Nc5
24.Nd2 Qd7 25.Be3 Qc6 26.Nb3 Nxb3 27.Bxb3 Red8 28.Rxa8 Bxa8 29.Rd1 Rxd1+
30.Bxd1 Qe4 31.Bc2 Qb7 32.Bb3 Kf7 33.Qc2 Be7 34.Ba4 Qa6 35.b3 c5 36.Qd2 Qb7
37.Qc2 h6 38.Bb5 g5 39.Bc1 g4 40.Qe2 Kf8 41.Qc2 h5 42.Ba4 h4 43.Be3 h3 44.Qe2 Qe4
45.Qd2 hxg2 46.Bf2 Kf7 47.Bg3 Qb1+ 48.Be1 Be4 49.Qf2 Qd3  0-1

[Event "ch-UAE"]
[Site "Abu Dhabi UAE"]
[Date "2011.06.30"]
[Round "7"]
[White "Al Kaabi,A"]
[Black "Khouri,I"]
[Result "0-1"]
[WhiteElo "1904"]
[BlackElo "2227"]

1.d4 g6 2.e4 Bg7 3.Nc3 d6 4.Be3 c6 5.Qd2 Nd7 6.g4 b5 7.Bg2 Nb6 8.Qe2 b4 9.Nb1 a5
10.Nd2 Nf6 11.f3 Qc7 12.h4 h5 13.g5 Nfd7 14.f4 c5 15.c3 cxd4 16.cxd4 Ba6
17.Qf2 Qc2 18.Ne2 Qxb2 19.O-O O-O 20.Rab1 Qa3 21.f5 Rac8 22.Rb3 Qxa2 23.Bh3 Rc2
24.fxg6 fxg6 25.Be6+ Kh7 26.Qe1 Rxf1+ 27.Qxf1 Nf8 28.Bf7 Nc4 29.Nf4 Nxe3
30.Qxa6 Rxd2  0-1

[Event "7th A Ermaka Memorial"]
[Site "Zaporizhzhia UKR"]
[Date "2011.06.30"]
[Round "7.6"]
[White "Matjushin,G"]
[Black "Protsiuk,Svetlana"]
[Result "1-0"]
[WhiteElo "2477"]
[BlackElo "1772"]

1.Nc3 g6 2.d4 Bg7 3.e4 d6 4.Be2 Nf6 5.Nf3 O-O 6.O-O Nbd7 7.e5 dxe5 8.dxe5 Ng4
9.e6 Nde5 10.exf7+ Nxf7 11.Qe1 Bd7 12.Bf4 e5 13.Bg3 Qe8 14.Ne4 Bc6 15.Nfg5 Bxe4
16.Nxe4 Nf6 17.Bc4 Nxe4 18.Qxe4 c6 19.Rae1 Kh8 20.Bb3 Rd8 21.Qa4 a6 22.f4 Qe7
23.f5 gxf5 24.Rxf5 Rd4 25.Qxd4  1-0

[Event "7th A Ermaka Memorial"]
[Site "Zaporizhzhia UKR"]
[Date "2011.06.30"]
[Round "8.7"]
[White "Matjushin,O"]
[Black "Budnikov,O"]
[Result "0-1"]
[WhiteElo "2146"]
[BlackElo "2435"]

1.d4 g6 2.e4 Bg7 3.Nc3 d6 4.Nf3 a6 5.a4 Nf6 6.Be2 O-O 7.O-O Nc6 8.h3 Re8
9.Bg5 h6 10.Be3 e5 11.dxe5 Nxe5 12.Nxe5 Rxe5 13.f4 Re8 14.Bf3 Bd7 15.Bd4 c5
16.Bf2 Bc6 17.Re1 Qc7 18.Qd3 Rad8 19.Rad1 Qb8 20.b3 b5 21.axb5 axb5 22.Nd5 Nxd5
23.exd5 Bd7 24.Be4 b4 25.Qf3 f5 26.Bd3 Bc3 27.Rxe8+ Rxe8 28.Kh2 Qd8 29.Rg1 Qf6
30.Kh1 Kg7 31.Rf1 Qf7 32.Bh4 Bc8 33.Bb5 Re4 34.Bd3 Re8 35.Bb5 Re4 36.Bd3 Qxd5
37.Bxe4 fxe4 38.Qe2 Qc6 39.Rd1 d5 40.Be1 Bf6 41.Bf2 h5 42.Rg1 d4 43.Qe1 Kh7
44.Bh4 Bg7 45.Bg5 e3 46.Kh2 Qa6 47.g4 hxg4 48.hxg4 Qe6 49.Qh4+ Kg8 50.Bh6 g5
51.Bxg5 c4 52.f5 Be5+ 53.Kh3 Qd5 54.Bxe3 Qf3+  0-1

[Event "ch-UAE"]
[Site "Abu Dhabi UAE"]
[Date "2011.07.01"]
[Round "8"]
[White "Abdullah,Al Hamed"]
[Black "AlHuwar,J"]
[Result "0-1"]
[WhiteElo "1840"]
[BlackElo "2334"]

1.e4 d6 2.d4 g6 3.Nc3 Bg7 4.Nf3 Nd7 5.Be3 c6 6.Qd2 b5 7.a3 a6 8.h4 h5 9.Nh2 Nb6
10.O-O-O Rb8 11.f4 a5 12.Na2 Nf6 13.d5 Nxe4 14.Qxa5 Nxd5 15.Qe1 Nxe3 16.Qxe3 Nf6
17.Nb4 Qb6 18.Qxb6 Rxb6 19.Nxc6 Rxc6 20.Bxb5 Bd7 21.Bxc6 Bxc6 22.Rhg1 Kd7
23.Nf3 Bxf3 24.gxf3 Bh6 25.b4 Bxf4+ 26.Kb2 Rc8  0-1

[Event "Nova College Chess Tournament"]
[Site "Haarlem NED"]
[Date "2011.07.01"]
[Round "1"]
[White "Van den Doel,E"]
[Black "Both,E"]
[Result "1/2-1/2"]
[WhiteElo "2574"]
[BlackElo "2147"]

1.e4 g6 2.d4 Bg7 3.Nc3 d6 4.Be3 a6 5.Qd2 b5 6.a4 b4 7.Nd1 a5 8.c3 bxc3 9.bxc3 Nf6
10.f3 O-O 11.Bd3 Nbd7 12.Ne2 Ba6 13.O-O Bxd3 14.Qxd3 c6 15.f4 Qc7 16.f5 c5
17.fxg6 hxg6 18.Nf2 Rac8 19.Rfc1 e5 20.Qd2 Rfe8 21.d5 c4 22.Rf1 Nc5 23.Qc2 Rb8
24.Ng3 Rb3 25.h4 Reb8 26.h5 Nxh5 27.Nxh5 gxh5 28.Nh1 Nd3 29.Ng3 Nf4 30.Ra2 h4
31.Nf5 Qd8 32.Bxf4 exf4 33.Rxf4 Qg5 34.Rxh4 Rb1+ 35.Kf2 Rc1 36.Qe2 Rbb1 37.Qxc4 Rxc3
38.Qxc3 Bxc3 39.Rg4 Bd4+ 40.Kg3 Rb3+ 41.Kh2 Be5+ 42.g3 Qxg4 43.Nh6+ Kg7 44.Nxg4 Bxg3+
45.Kg2 Be1 46.Kf1 Bb4 47.Rg2 Ra3 48.e5 dxe5 49.Nxe5+ Kf6 50.Nc6 Rxa4 51.Rf2+ Kg7
52.Nd8 f6 53.Ne6+ Kf7 54.Rc2 Ra1+ 55.Ke2 Re1+ 56.Kd3 Rxe6  1/2-1/2

[Event "TCh-TUR 2011"]
[Site "Konya TUR"]
[Date "2011.07.01"]
[Round "4"]
[White "Tandogan,Buket"]
[Black "Abdimanoglu,B"]
[Result "0-1"]
[WhiteElo "1548"]
[BlackElo "1751"]

1.e4 d6 2.d4 g6 3.Nc3 Bg7 4.g3 Nc6 5.Nge2 Bg4 6.Qd3 Qd7 7.a3 e5 8.d5 Nd8
9.h3 Bxe2 10.Bxe2 Ne7 11.Be3 f5 12.Rb1 O-O 13.Qd2 Nf7 14.h4 c6 15.Bc4 Rac8
16.Bb3 fxe4 17.dxc6 bxc6 18.Nxe4 d5 19.Nc5 Qf5 20.Qe2 e4 21.Bf4 Bd4 22.Na6 Ne5
23.Be3 Bxe3 24.Qxe3 Ng4 25.Qe2 Qxf2+ 26.Qxf2 Nxf2 27.Rf1 Ng4 28.Nc5 Rxf1+
29.Kxf1 Rf8+ 30.Kg1 Nf5 31.Nxe4 Kh8 32.Nc5 Nxg3 33.Kg2 Nf5 34.Rg1 Nxh4+ 35.Kh3 Ne5
36.Re1 Nhf3 37.Ne6 Rf6 38.Nc5 Nxe1  0-1

[Event "II Royal Residence Cup"]
[Site "Zhovkva UKR"]
[Date "2011.07.01"]
[Round "6"]
[White "Terletsky,O"]
[Black "Yushko,O"]
[Result "0-1"]
[WhiteElo "2179"]
[BlackElo "2120"]

1.e4 d6 2.d4 g6 3.Nc3 Bg7 4.f4 e6 5.Nf3 Ne7 6.Bd3 O-O 7.O-O Nd7 8.Be3 c6
9.f5 exf5 10.exf5 Nf6 11.fxg6 fxg6 12.Qd2 Nf5 13.Bf4 Qc7 14.Rae1 b5 15.a3 Nh5
16.Bxf5 Bxf5 17.Bg5 Rae8 18.d5 Qb6+ 19.Kh1 c5 20.Nh4 Rxe1 21.Qxe1 Bd7 22.Rxf8+ Bxf8
23.Ne4 Qb8 24.h3 Qe8 25.Kg1 Bf5 26.Nxf5 gxf5 27.g4 fxe4 28.gxh5 Qxh5 29.Qg3 Qd1+
30.Kf2 Qxc2+ 31.Bd2+ Kf7 32.Qf4+ Ke8 33.Ke1 Qxb2 34.Qf5 Qe5 35.Qxh7 Qxd5
36.Qxa7 Qd3 37.Qh7 Qg3+ 38.Ke2 Qf3+ 39.Ke1 Be7 40.Qg8+ Kd7 41.Qd5 Bh4+  0-1

[Event "e2e4 ch-IRL"]
[Site "Dublin IRL"]
[Date "2011.07.02"]
[Round "1"]
[White "Fox,An"]
[Black "Brady,S"]
[Result "0-1"]
[WhiteElo "2087"]
[BlackElo "2357"]

1.e4 g6 2.d4 Bg7 3.Nc3 d6 4.Nf3 b6 5.Be2 Bb7 6.O-O e6 7.Re1 Nd7 8.h3 Ne7
9.Bf4 O-O 10.Qd2 Re8 11.Bh6 Nf8 12.Bxg7 Kxg7 13.Rad1 h6 14.Nh2 Ng8 15.f4 e5
16.fxe5 dxe5 17.d5 Qe7 18.Qe3 Red8 19.Rf1 Rd6 20.Nb5 Rf6 21.Rxf6 Nxf6 22.Ng4 Nxg4
23.Bxg4 Ba6 24.d6 cxd6 25.Nxd6 Rd8 26.Qa3 Kg8 27.Qxa6 Rxd6 28.Rxd6 Qxd6 29.Qxa7 Qd4+
30.Kh2 Qxb2 31.Qa4 Kg7 32.Qb3 Qd4 33.Bf3 Ne6 34.c3 Qe3 35.Qb4 Ng5 36.a4 h5
37.a5 bxa5 38.Qxa5 Nxf3+ 39.gxf3 Qf2+ 40.Kh1 Qxf3+ 41.Kh2 Qxe4 42.Qc7 Qe2+
43.Kg1 h4 44.c4 Qe1+ 45.Kg2 Qg3+ 46.Kf1 Qxh3+ 47.Ke2 Qg4+ 48.Kf1 Qf3+ 49.Kg1 Qg3+
50.Kf1 h3  0-1

[Event "TCh-TUR 2011"]
[Site "Konya TUR"]
[Date "2011.07.02"]
[Round "6"]
[White "Guliev,L"]
[Black "Haznedaroglu,K"]
[Result "1/2-1/2"]
[WhiteElo "2459"]
[BlackElo "2444"]

1.e4 d6 2.d4 g6 3.Nc3 Bg7 4.g3 Nf6 5.Bg2 O-O 6.Nge2 Nbd7 7.O-O c6 8.h3 e5
9.Be3 Re8 10.Qd2 Qc7 11.a4 exd4 12.Bxd4 Nc5 13.e5 Nfd7 14.Bxc5 dxc5 15.f4 f6
16.Ne4 Rf8 17.e6 Nb8 18.f5 gxf5 19.Qd6 Qxd6 20.Nxd6 Bxe6 21.Nxb7 Bc4 22.Rfe1 Na6
23.Nf4 Rab8 24.Na5 Bf7 25.b3 Nb4 26.Re2 Rfe8 27.Rd2 Rbd8 28.Rad1 Re1+ 29.Rxe1 Rxd2
30.c4 Bf8 31.Bxc6 Bd6 32.Bf3 Nc2 33.Rf1 Nd4 34.Nc6 Nxb3 35.Nxa7 Bxc4 36.Rf2 Nd4
37.Bd5+ Bxd5 38.Nxd5 Ne2+ 39.Kg2 Rxd5 40.Rxe2 Rd3 41.Nb5 Be5 42.Kf1 Rxg3
43.Rg2 Rxg2 44.Kxg2 c4 45.a5 c3 46.Na3 Kf7 47.Kf3 Ke6 48.a6 Bb8 49.Nb5 Kd5
50.Nxc3+ Kc4 51.Ne2 Kb5 52.a7 Bxa7 53.Kf4 Kc4  1/2-1/2

[Event "TCh-TUR 2011"]
[Site "Konya TUR"]
[Date "2011.07.02"]
[Round "6"]
[White "Atakisi,U"]
[Black "Kilicaslan,H"]
[Result "1/2-1/2"]
[WhiteElo "2370"]
[BlackElo "2250"]

1.e4 g6 2.d4 Bg7 3.Nc3 d6 4.Be3 c6 5.Qd2 Nd7 6.h3 a6 7.g4 b5 8.Bg2 Bb7 9.Nge2 Nb6
10.b3 e6 11.Ng3 Qc7 12.O-O h5 13.g5 h4 14.Nge2 Ne7 15.a4 Rc8 16.Rfd1 O-O
17.f3 d5 18.Qe1 Nd7 19.Qxh4 b4 20.Na2 c5 21.Rac1 cxd4 22.Bxd4 Bxd4+ 23.Rxd4 a5
24.Qf2 Ba6 25.Ng3 e5 26.Rdd1 d4 27.h4 Nc5 28.Bf1 Bxf1 29.Nxf1 Ne6 30.Nd2 Nf4
31.Qf1 Kg7 32.Qa6 Nc6 33.Kf2 Rh8 34.Rh1 Rh5 35.Rcg1 Rch8 36.Rg4 Ne6 37.Nc1 Rxg5
38.Rxg5 Nxg5 39.Nd3 Ne6 40.Qb5 Rh5 41.Nc4 Kg8  1/2-1/2

[Event "FSFMA July"]
[Site "Budapest HUN"]
[Date "2011.07.04"]
[Round "3.4"]
[White "Juracsik,J"]
[Black "Zala,G"]
[Result "1-0"]
[WhiteElo "2193"]
[BlackElo "2021"]

1.e4 g6 2.d4 Bg7 3.Nc3 d6 4.f4 Nd7 5.Nf3 e6 6.Be3 Ne7 7.Qd2 b6 8.O-O-O Bb7
9.h4 Nf6 10.Bd3 Ng4 11.Bg1 h5 12.Ng5 Qd7 13.Kb1 f6 14.Nf3 a6 15.d5 e5 16.Ne2 Bh6
17.g3 O-O 18.c4 Rae8 19.Qc2 Bc8 20.Ka1 Rf7 21.a3 Ref8 22.b4 a5 23.bxa5 bxa5
24.c5 Qe8 25.c6 f5 26.Ng5 Bxg5 27.hxg5 fxe4 28.Bxe4 Nf5 29.Qd3 Re7 30.Nc3 Qf7
31.Ba7 Qg7 32.Ka2 exf4 33.gxf4 Ba6 34.Qf3 Bc4+ 35.Kb1 Ra8 36.Bxf5 Rxa7 37.Be6+ Rxe6
38.dxe6 Bxe6 39.Rhe1 Bf5+ 40.Ka2 Ra8 41.Rd2 Qf7+ 42.Qd5 Rf8 43.Re7 Qxd5+
44.Nxd5 h4 45.Rxc7 h3 46.Ne7+  1-0

[Event "XXXIV Open"]
[Site "Barbera del Valles ESP"]
[Date "2011.07.06"]
[Round "3"]
[White "Codenotti,M"]
[Black "Delgado Ramos,H"]
[Result "0-1"]
[WhiteElo "2323"]
[BlackElo "2488"]

1.e4 g6 2.d4 Bg7 3.Nc3 d6 4.f4 c6 5.Nf3 Nf6 6.Bd3 O-O 7.O-O Qb6 8.e5 Ne8
9.Be3 Qxb2 10.Qe1 Qa3 11.Ne4 c5 12.exd6 Nxd6 13.Nxc5 Nc6 14.Ne5 Nb4 15.Kh1 b6
16.Bc1 Qa5 17.a3 bxc5 18.dxc5 Nc6 19.Nxc6 Qxe1 20.Rxe1 Bxa1 21.Nxe7+ Kg7
22.cxd6 Bc3 23.Re3 Rb8 24.Nxc8 Rb1 25.h3 Rxc1+ 26.Kh2  0-1

[Event "FSFMA July"]
[Site "Budapest HUN"]
[Date "2011.07.06"]
[Round "5.5"]
[White "Somogyi,G"]
[Black "Zala,G"]
[Result "1-0"]
[WhiteElo "1995"]
[BlackElo "2021"]

1.e4 g6 2.d4 Bg7 3.Nc3 d6 4.f4 Nd7 5.Nf3 e6 6.Be3 Ne7 7.Qd2 b6 8.Bd3 Bb7
9.O-O-O d5 10.e5 a6 11.g4 h5 12.h3 c5 13.f5 cxd4 14.Nxd4 gxf5 15.gxf5 Nxe5
16.fxe6 Nxd3+ 17.Qxd3 f6 18.Rhg1 Bh6 19.Bxh6 Rxh6 20.Nf5 Rh8 21.Rg7  1-0

[Event "TCh-TUR 2011"]
[Site "Konya TUR"]
[Date "2011.07.06"]
[Round "10"]
[White "Kazdagli,B"]
[Black "Kerigan,D"]
[Result "0-1"]
[WhiteElo "1868"]
[BlackElo "2134"]

1.e4 g6 2.d4 d6 3.Nc3 Bg7 4.Be3 Nf6 5.f3 O-O 6.Qd2 c6 7.g4 b5 8.Nge2 Nbd7
9.g5 Nh5 10.Ng3 Nxg3 11.hxg3 Re8 12.Nd1 Qc7 13.Nf2 Nf8 14.c3 Rb8 15.Rd1 a5
16.Bh3 f5 17.O-O e6 18.Kg2 b4 19.g4 Qf7 20.gxf5 exf5 21.Bf4 fxe4 22.fxe4 Bxh3+
23.Kxh3 Qxa2 24.Bxd6 Qe6+ 25.Ng4 Qxd6 26.e5 Qe6 27.Kg3 bxc3 28.bxc3 Re7 29.Nf6+ Kh8
30.Rf3 a4 31.Rh1 a3 32.c4 Qxc4 33.Rxa3 Rb3+ 34.Rxb3 Qxb3+ 35.Kg4 Qe6+ 36.Kg3 Qb3+
37.Kg4 Qe6+ 38.Kg3 Rb7 39.Qc2 Rb3+ 40.Kf2 Bxf6 41.gxf6 Ra3 42.Rb1 Ra2 43.Rb2 Qf5+  0-1

[Event "Krapina Open"]
[Site "Krapina CRO"]
[Date "2011.07.06"]
[Round "4.1"]
[White "Jelecevic,I"]
[Black "Kostrun,S"]
[Result "1-0"]
[WhiteElo "2181"]
[BlackElo "2333"]

1.e4 g6 2.d4 Bg7 3.Nc3 d6 4.Nf3 a6 5.Be3 b5 6.Bd3 Bb7 7.a4 b4 8.Ne2 Nd7 9.Ng3 Ngf6
10.O-O a5 11.e5 Nd5 12.e6 fxe6 13.Ng5 Nf8 14.Qf3 Bf6 15.N3e4 Qd7 16.c4 bxc3
17.bxc3 h6 18.Nh3 Bg7 19.Nf4 c6 20.Qg3 Nxf4 21.Bxf4 g5 22.Be3 Nh7 23.f4 O-O-O
24.Rab1 gxf4 25.Bxf4 Rhg8 26.Qe3 Nf6 27.Nxf6 Bxf6 28.Bc4 d5 29.Ba6  1-0

[Event "Naantalin Open"]
[Site "Naantali FIN"]
[Date "2011.07.06"]
[Round "4"]
[White "Ailasmaa,K"]
[Black "Pyylampi,S"]
[Result "0-1"]
[WhiteElo "1820"]
[BlackElo "1960"]

1.e4 g6 2.d4 Bg7 3.Nc3 d6 4.f4 e6 5.Nf3 Ne7 6.Bd3 O-O 7.O-O a6 8.Be3 b6 9.Qe1 Nd7
10.f5 exf5 11.exf5 gxf5 12.Nh4 Nf6 13.Bxf5 Ng6 14.Bxc8 Rxc8 15.Nf5 Ng4 16.Nxg7 Kxg7
17.Bd2 f5 18.h3 Nh6 19.Ne2 Qf6 20.c3 Rce8 21.Qf2 Qh4 22.Qf3 Qe4 23.Qxe4 fxe4
24.Rxf8 Rxf8 25.Ng3 Nh4 26.Bxh6+ Kxh6 27.Nxe4 Rg8 28.g4 Re8 29.Ng3 Re3 30.Kf2 Rf3+
31.Ke2 Rxg3 32.Rf1 Kg7 33.Kd2 Rxh3 34.Re1 Ng6 35.Re8 Rf3 36.Rc8 Rf7 37.b4 Nf8
38.Ra8 Rf2+ 39.Ke3 Rxa2 40.Ra7 a5 41.Rxc7+ Kf6 42.Rc6 axb4 43.cxb4 Ke6 44.Rxb6 Nd7
45.Rb7 d5 46.b5 Ra3+ 47.Kf4 Rd3 48.Kg5 Rxd4 49.Kh6 Rxg4 50.Kxh7 Kd6 51.Ra7 Nb6
52.Ra1 Kc5 53.Kh6 Kxb5 54.Kh5 Rg8 55.Rd1 Kc5 56.Kh4 d4 57.Rc1+ Nc4 58.Rd1 Kd5
59.Kh3 Ne3 60.Ra1 d3 61.Ra5+ Ke4 62.Ra4+ Kf3 63.Rd4 d2 64.Kh4 Rg4+ 65.Kh3 Rxd4
66.Kh2 Rh4+  0-1

[Event "XXXIV Open"]
[Site "Barbera del Valles ESP"]
[Date "2011.07.07"]
[Round "4"]
[White "Sanchez Ibern,M"]
[Black "Ljubarov,M"]
[Result "1-0"]
[WhiteElo "2327"]
[BlackElo "2115"]

1.e4 d6 2.d4 g6 3.Nc3 Bg7 4.Be3 Nf6 5.Qd2 a6 6.f3 O-O 7.O-O-O b5 8.g4 Nbd7
9.h4 Bb7 10.h5 b4 11.Nb1 c5 12.hxg6 fxg6 13.dxc5 Ne5 14.cxd6 Qxd6 15.Qxd6 exd6
16.g5 Nh5 17.Bg2 Nc4 18.Bd4 Be5 19.Bxe5 dxe5 20.Rd7 Rf7 21.Rxf7 Kxf7 22.Bf1 Nd6
23.Bd3 Kg7 24.Ne2 Rf8 25.Nd2 Nf4 26.Nxf4 Rxf4 27.c4 bxc3 28.bxc3 Nf7 29.Rg1 Rh4
30.Bc4 Rh5 31.Bxf7 Kxf7 32.Kc2 Ke6 33.Rb1 Bc8 34.Rg1 Bd7 35.Kd3 Rh2 36.c4 Kd6
37.a3 Ba4 38.Rb1 Rh5 39.Rb6+ Bc6 40.Rxa6 Rxg5 41.Nb3 Kc7 42.Ra7+ Kb6 43.Rxh7 Rg2
44.Nd2 Rg1 45.Re7 Ra1 46.Rxe5 Rxa3+ 47.Kd4 Ra2 48.Ke3 Ra1 49.Rg5 Ra3+ 50.Kd4 Ra2
51.Nb3 Ra3 52.Nd2 Ra2 53.Nb1 Rf2 54.Ke3 Rc2 55.Nd2 Be8 56.Kd3 Ra2 57.Re5 Ra8
58.Kd4 Kc7 59.f4 Kd7 60.Rd5+ Ke7 61.Nf3 Bf7 62.Rc5 Kf6 63.Rc6+ Ke7 64.Ne5 Be8
65.Nxg6+  1-0

[Event "111th ch-SUI"]
[Site "Leukerbad SUI"]
[Date "2011.07.07"]
[Round "1"]
[White "Sermier,G"]
[Black "Allgaier,E"]
[Result "1-0"]
[WhiteElo "2425"]
[BlackElo "2070"]

1.e4 d6 2.d4 g6 3.Nc3 Bg7 4.Be2 Nc6 5.Be3 e5 6.dxe5 Nxe5 7.Qd2 Be6 8.O-O-O Nf6
9.f3 Qe7 10.g4 Nfd7 11.Nd5 Bxd5 12.Qxd5 Qe6 13.Nh3 Qxd5 14.exd5 Nb6 15.f4 Ned7
16.Rhe1 O-O 17.c3 Rfe8 18.Bf3 Re7 19.Bf2 Rae8 20.Rxe7 Rxe7 21.Ng1 h6 22.Ne2 Nc4
23.Ng3 Nc5 24.Nf1 Kf8 25.b3 Nb6 26.Kc2 Ne4 27.Be1 Bf6 28.Ng3 Nc5 29.Bf2 Bg7
30.h4 Bf6 31.Rh1 Bg7 32.h5 gxh5 33.Rxh5 Nbd7 34.Nf5 Nf6 35.Rh2 Re8 36.Nxg7 Kxg7
37.Bd4 Kg6 38.Bxf6 Kxf6 39.Rxh6+ Kg7 40.Rh1 Re3 41.Rf1 Re8 42.Kd2 Rh8 43.Rh1 Rxh1
44.Bxh1 Nd7 45.Ke3 Kf6 46.Be4 b6 47.Bf5 Nc5 48.Kd4 Ke7 49.b4 Na4 50.Bc2  1-0

[Event "Naantalin Open"]
[Site "Naantali FIN"]
[Date "2011.07.07"]
[Round "6"]
[White "Paronen,P"]
[Black "Koskinen,E"]
[Result "1-0"]
[WhiteElo "2145"]
[BlackElo "1961"]

1.e4 g6 2.d4 d6 3.Nc3 Bg7 4.Be3 Nf6 5.h3 O-O 6.g4 e5 7.g5 Nh5 8.Nge2 Nc6
9.dxe5 dxe5 10.Qxd8 Rxd8 11.Nd5 Rd7 12.h4 Nd8 13.Bh3 Ne6 14.O-O-O b6 15.Bg4 c6
16.Bxe6 fxe6 17.Ndc3 Kf8 18.a4 Ke8 19.Rxd7 Kxd7 20.Ng3 Nxg3 21.fxg3 Ba6 22.Rh2 Rf8
23.Rf2 Rxf2 24.Bxf2 Bf8 25.Nb1 c5 26.Kd1 Kc6 27.Nd2 c4 28.c3 Bc5 29.Bxc5 Kxc5
30.Ke2 Bb7 31.Ke3 Bc6 32.Nf3 Kd6 33.Nh2 Bxa4 34.Ng4 Bc2 35.Nf6 b5 36.Nxh7 a5
37.Nf6 Bd1 38.Kd2 Bf3 39.g4 Ke7 40.h5 gxh5 41.gxh5 Kf7 42.h6 b4 43.Nd7 Bxe4
44.Nxe5+ Kg8 45.cxb4 axb4 46.Nxc4 Kh7 47.Ne5 b3 48.Kc3 Bc2 49.Kd4 Bf5 50.Kc5 Bc2
51.Kd6 Bf5 52.Ke7 Bc2 53.Kxe6 Be4 54.Kf6 Bd5 55.Nd7 Bg8 56.Nf8+ Kh8 57.g6  1-0

[Event "Naantalin Open"]
[Site "Naantali FIN"]
[Date "2011.07.07"]
[Round "6"]
[White "Jaderholm,B"]
[Black "Pyylampi,S"]
[Result "1/2-1/2"]
[WhiteElo "1878"]
[BlackElo "1960"]

1.e4 g6 2.d4 Bg7 3.Nc3 d6 4.Be3 Nf6 5.Qd2 Ng4 6.Bf4 e5 7.dxe5 Nxe5 8.O-O-O O-O
9.Bh6 Bxh6 10.Qxh6 Nbc6 11.h4 Ng4 12.Qd2 h5 13.f3 Nge5 14.Nh3 Qxh4 15.Be2 Kg7
16.Nf4 Qd8 17.Nxh5+ gxh5 18.Rxh5 Rh8 19.Rg5+ Kf8 20.Bb5 a6 21.Be2 Nd4 22.f4 Ng4
23.Qxd4 f6 24.Ra5 b6 25.Ra3 Ke7  1/2-1/2

[Event "3rd Magic Valley"]
[Site "Rodatychi UKR"]
[Date "2011.07.07"]
[Round "4"]
[White "Zajarnyi,A"]
[Black "Andrenko,I"]
[Result "1/2-1/2"]
[WhiteElo "2337"]
[BlackElo "2272"]

1.e4 g6 2.d4 Bg7 3.Nc3 d6 4.g3 Nf6 5.Bg2 O-O 6.Nge2 c6 7.O-O e5 8.a4 Nbd7
9.a5 Re8 10.d5 cxd5 11.Nxd5 Nxd5 12.Qxd5 Nf6 13.Qd2 Be6 14.Rd1 Re7 15.b3 Rd7
16.c4 b5 17.axb6 Qxb6 18.Ra3 Bf8 19.Qa2 a6 20.Be3 Qb7 21.Nc3 Ng4 22.Bd2 Qb6
23.Be1 Nf6 24.Nd5 Nxd5 25.exd5 Bf5 26.Ra1 Bh6 27.b4 Rda7 28.b5 e4 29.bxa6 e3
30.fxe3 Bxe3+ 31.Bf2 Bd4 32.Qd2 Bxf2+ 33.Qxf2 Qxf2+ 34.Kxf2 Bc8 35.Rb1 Kg7
36.Ke3 Rxa6 37.Rxa6 Rxa6 38.Be4 Kf6 39.Kd4 Ke7 40.Re1 Kd8 41.Bd3 Ra2 42.h4 h5
43.Re3 Ra4 44.Bc2 Ra2 45.Bb3 Rd2+ 46.Kc3 Rg2 47.Kb4 Bd7 48.c5 dxc5+ 49.Kxc5 Rg1
50.Kd6 Rf1 51.Bc4 Rf6+ 52.Kc5 Rf5 53.Bd3 Rf6 54.Be4 Rf1 55.Bf3 Ra1 56.Rb3 Ra5+
57.Kd6 Ra6+ 58.Ke5 Ke7 59.Be2 f6+ 60.Kd4 Ra4+ 61.Bc4 Ra1 62.Rb7 Kd8 63.Kc5 Rc1
64.Kd6 Rxc4 65.Rxd7+ Ke8 66.Re7+ Kf8 67.Re3 Ra4 68.Ke6 Ra6+ 69.d6 g5 70.Rf3 Kg7
71.Ke7 gxh4 72.gxh4 Ra4 73.Rg3+ Kh7 74.Re3 Rxh4 75.d7 Rd4 76.d8=Q Rxd8 77.Kxd8 Kg6
78.Ke7 h4 79.Ke6 Kg5 80.Kd5 Kg4 81.Re8 h3 82.Ke4 h2 83.Rh8 Kg3 84.Ke3 Kg2
85.Rg8+ Kf1 86.Rh8 Kg2 87.Rg8+ Kf1  1/2-1/2

[Event "5th Varna Open"]
[Site "Golden Sands BUL"]
[Date "2011.07.08"]
[Round "7"]
[White "Qadimbayli,Goshgar Azar Oglu"]
[Black "Hristov,P"]
[Result "1/2-1/2"]
[WhiteElo "1710"]
[BlackElo "2006"]

1.e4 d6 2.d4 g6 3.Nc3 Bg7 4.Be3 Nf6 5.f3 c6 6.Qd2 b5 7.Bh6 Bxh6 8.Qxh6 b4
9.Nd1 Qb6 10.c3 Ba6 11.Bxa6 Nxa6 12.Ne2 Qb5 13.Qd2 Rb8 14.O-O O-O 15.a4 Qb6
16.Qd3 bxc3 17.bxc3 c5 18.Ne3 cxd4 19.Rfb1 Qc7 20.cxd4 Nb4 21.Qd2 a5 22.Rc1 Qa7
23.Nc3 Rfc8 24.Nb5 Qd7 25.Nc4 Qd8 26.Nb2 Rxc1+ 27.Rxc1 Rc8 28.Kf2 Nd7 29.Rc3 Nb6
30.Rc1 Rxc1 31.Qxc1 d5 32.Qc7 Qxc7 33.Nxc7 e6 34.Nb5 f6 35.Ke3 Kf8 36.Kd2 Ke7
37.Kc3 f5 38.e5 g5 39.Nd6 Nc6 40.g4 fxg4 41.fxg4 Nd7 42.Nd3 Nf8 43.Nc8+ Kf7
44.Nd6+ Kg6 45.Nc5 h5 46.h3 Kg7 47.Kd3 Kh7 48.Ke3 h4 49.Kd3 Kg7 50.Ke3 Nb4
51.Kd2 Kg8 52.Kc3 Nc6 53.Kd3 Nb4+ 54.Kc3  1/2-1/2

[Event "TCh-TUR 2011"]
[Site "Konya TUR"]
[Date "2011.07.08"]
[Round "12"]
[White "Arutinian,D"]
[Black "Miroshnichenko,E"]
[Result "1/2-1/2"]
[WhiteElo "2564"]
[BlackElo "2651"]

1.d4 g6 2.e4 d6 3.Nc3 Bg7 4.Be3 a6 5.a4 b6 6.Nf3 Bb7 7.Bd3 Nd7 8.O-O Ngf6
9.h3 O-O 10.Qd2 e5 11.dxe5 dxe5 12.Rfe1 Qe7 13.Bg5 Qb4 14.Nd1 Qxd2 15.Nxd2 Nc5
16.f3 Ne6 17.Be3 Rfd8 18.Nf2 Bf8 19.Nb3 Nd7 20.Bc4  1/2-1/2

[Event "3rd Magic Valley"]
[Site "Rodatychi UKR"]
[Date "2011.07.08"]
[Round "5"]
[White "Mirzoev,E"]
[Black "Nguyen,P"]
[Result "1/2-1/2"]
[WhiteElo "2138"]
[BlackElo "2378"]

1.d4 g6 2.e4 Bg7 3.Nc3 d6 4.f4 Nf6 5.Nf3 O-O 6.Bd3 Na6 7.O-O c5 8.d5 Bg4
9.h3 Bxf3 10.Qxf3 Nb4 11.a3 Nxd3 12.Qxd3 Ne8 13.Ne2 Nc7 14.c4 b5 15.cxb5 Qb8
16.Nc3 a6 17.bxa6 Qb6 18.Kh1 Qxa6 19.Qxa6 Rxa6 20.Bd2 Rb8 21.Rfb1 Bd4 22.b4 cxb4
23.axb4 Rxa1 24.Rxa1 Rxb4 25.Ne2 Rc4 26.Rc1 Rxc1+ 27.Bxc1 Bc5 28.Bd2 Bb6
29.Ng3 Bf2 30.Nf1 f5 31.Ba5 Ne8 32.e5 Kf7 33.Bd8 Bd4 34.Nh2 Bf2 35.Nf3 h6
36.Kh2 Be3 37.g3 g5 38.exd6 Nxd6 39.fxg5 hxg5 40.g4 Bf4+ 41.Kg2 fxg4 42.hxg4 Nc4
43.Nd4 Ne3+ 44.Kf3 Nxd5 45.Ba5 Nf6 46.Ne2 e5 47.Ng3 Bxg3 48.Kxg3 Ke6 49.Kf3 Nh7
50.Bd8 Kd7 51.Ba5 Nf8 52.Ke4 Ke6 53.Bd8 Nh7 54.Kf3 Nf6 55.Ba5 e4+ 56.Ke3 Nxg4+
57.Kxe4 Nf6+ 58.Kf3 Kf5 59.Bc7 Nd5 60.Bb8 Nc3 61.Kg2 Kg4 62.Bc7 Kh5 63.Bb8  1/2-1/2

[Event "SPA Open A"]
[Site "Amsterdam NED"]
[Date "2011.07.09"]
[Round "1"]
[White "Go,B"]
[Black "Ootes,La"]
[Result "0-1"]
[WhiteElo "2124"]
[BlackElo "2376"]

1.e4 d6 2.d4 g6 3.Nc3 Bg7 4.f4 a6 5.Nf3 b5 6.a3 Nd7 7.Be3 Bb7 8.Be2 Rc8 9.O-O Ngf6
10.Nd2 c5 11.dxc5 Nxc5 12.Bf3 O-O 13.Qe2 e5 14.fxe5 dxe5 15.Bxc5 Rxc5 16.Nb3 Rc4
17.Qe3 Qc7 18.Rad1 Rd8 19.Rxd8+ Qxd8 20.Rd1 Qc7 21.Be2 Rc6 22.Qd3 Bf8 23.Qd8 Kg7
24.Na5 Rxc3 25.Nxb7 Rxc2 26.Qxc7 Rxc7 27.Nd6 Bxd6  0-1